2025-26 best NHL players under 25 - Statistics

General Stats
  • This quiz has been taken 137 times
  • The average score is 17 of 25
Answer Stats
Rank Team Answer % Correct
2 Sharks Macklin Celebrini
100%
1 Blackhawks Connor Bedard
99%
3 Devils Jack Hughes
95%
16 Devils Luke Hughes
94%
9 Canadiens Lane Hutson
84%
25 Sharks Will Smith
83%
12 Canadiens Cole Caufield
81%
5 Wild Matt Boldy
77%
7 Stars Wyatt Johnston
71%
10 Red Wings Lucas Raymond
69%
6 Red Wings Moritz Seider
68%
15 Ducks Leo Carlsson
67%
13 Wild Brock Faber
66%
14 Hurricanes Seth Jarvis
65%
4 Senators Tim Stutzle
65%
22 Maple Leafs Matthew Knies
60%
18 Kings Quinton Byfield
60%
19 Mammoth Logan Cooley
59%
8 Senators Jake Sanderson
54%
17 Blue Jackets Adam Fantilli
53%
11 Stars Thomas Harley
47%
20 Ducks Cutter Gauthier
45%
21 Mammoth Dylan Guenther
44%
23 Sharks William Eklund
43%
24 Blackhawks Spencer Knight
28%
No matching quizzes found
Score Distribution
Percent of People with Each Score
Percentile by Number Answered
Your Score History
You have not taken this quiz